| 000 | 01207nam a22002657a 4500 | ||
|---|---|---|---|
| 005 | 20170124103040.0 | ||
| 010 | _aA-990021 | ||
| 020 |
_c150.00 _a8170556953 |
||
| 035 | _aA-990021 | ||
| 037 | _bCen Lib/Ret | ||
| 040 |
_aDPL _bHN |
||
| 082 |
_aक _bमित्राज |
||
| 100 |
_aमित्रा, जया _966927 |
||
| 245 |
_aयुद्ध पर्व : _cजया मित्रा ; अनुवादक अमर गोस्वामी _bबांग्ला कहानियां / |
||
| 246 |
_aYuddh prv : bangla kahaniyan / _bby Jaya MItra ; anuvadak Amar Goswami |
||
| 260 |
_aनयी दिल्ली _bवाणी प्रकाशन _c1999 |
||
| 270 |
_bनयी दिल्ली _a21-ए, दरयागंज _e110002 |
||
| 300 |
_a132पृ. _c20सेमी (सजिल्द) |
||
| 650 |
_aबांग्ला साहित्य _966928 |
||
| 650 |
_aबांग्ला साहित्य _xकहानियां _964028 |
||
| 650 |
_aBangla Literature _966929 |
||
| 650 |
_aBangla Literature _xstories _966930 |
||
| 700 |
_aगोस्वामी, अमर _947617 |
||
| 942 |
_2ddc _cHN _hक _mमित्राज |
||
| 999 |
_c116512 _d116512 |
||